<?xml version="1.0" encoding="UTF-8"?>
<record
    xmlns:xsi="http://www.w3.org/2001/XMLSchema-instance"
    xsi:schemaLocation="http://www.loc.gov/MARC21/slim http://www.loc.gov/standards/marcxml/schema/MARC21slim.xsd"
    xmlns="http://www.loc.gov/MARC21/slim">

  <leader>00311nam a22001457a 4500</leader>
  <controlfield tag="003">SGT</controlfield>
  <datafield tag="082" ind1=" " ind2=" ">
    <subfield code="a">370</subfield>
    <subfield code="b">A14T</subfield>
  </datafield>
  <datafield tag="100" ind1=" " ind2=" ">
    <subfield code="a">TRIPATHI, MADHUSUDAN</subfield>
  </datafield>
  <datafield tag="245" ind1=" " ind2=" ">
    <subfield code="a">AMBEDKAR KA SHIKSHA DARSHAN</subfield>
  </datafield>
  <datafield tag="250" ind1=" " ind2=" ">
    <subfield code="a">1ST</subfield>
  </datafield>
  <datafield tag="260" ind1=" " ind2=" ">
    <subfield code="a">NEW DELHI</subfield>
    <subfield code="b">OMEGA PUB</subfield>
    <subfield code="c">2014</subfield>
  </datafield>
  <datafield tag="300" ind1=" " ind2=" ">
    <subfield code="a">240</subfield>
  </datafield>
  <datafield tag="650" ind1=" " ind2=" ">
    <subfield code="a">EDUCATION</subfield>
  </datafield>
  <datafield tag="942" ind1=" " ind2=" ">
    <subfield code="2">ddc</subfield>
    <subfield code="c">BK</subfield>
  </datafield>
  <datafield tag="952" ind1=" " ind2=" ">
    <subfield code="0">0</subfield>
    <subfield code="1">0</subfield>
    <subfield code="2">ddc</subfield>
    <subfield code="4">0</subfield>
    <subfield code="7">0</subfield>
    <subfield code="8">FE</subfield>
    <subfield code="a">FE</subfield>
    <subfield code="b">FE</subfield>
    <subfield code="c">TXT</subfield>
    <subfield code="d">2017-06-10</subfield>
    <subfield code="e">UNIVERSAL PUB</subfield>
    <subfield code="g">180.00</subfield>
    <subfield code="i">SGTU</subfield>
    <subfield code="o">370 A14T</subfield>
    <subfield code="p">ED531</subfield>
    <subfield code="r">2017-06-10 00:00:00</subfield>
    <subfield code="w">2016-02-06</subfield>
    <subfield code="y">BK</subfield>
    <subfield code="k">544</subfield>
  </datafield>
  <datafield tag="952" ind1=" " ind2=" ">
    <subfield code="0">0</subfield>
    <subfield code="1">0</subfield>
    <subfield code="2">ddc</subfield>
    <subfield code="4">0</subfield>
    <subfield code="7">0</subfield>
    <subfield code="8">FE</subfield>
    <subfield code="a">FE</subfield>
    <subfield code="b">FE</subfield>
    <subfield code="c">TXT</subfield>
    <subfield code="d">2017-06-10</subfield>
    <subfield code="e">UNIVERSAL PUB</subfield>
    <subfield code="g">180.00</subfield>
    <subfield code="i">SGTU</subfield>
    <subfield code="o">370 A14T</subfield>
    <subfield code="p">ED532</subfield>
    <subfield code="r">2017-06-10 00:00:00</subfield>
    <subfield code="w">2016-02-06</subfield>
    <subfield code="y">BK</subfield>
    <subfield code="k">544</subfield>
  </datafield>
  <datafield tag="952" ind1=" " ind2=" ">
    <subfield code="0">0</subfield>
    <subfield code="1">0</subfield>
    <subfield code="2">ddc</subfield>
    <subfield code="4">0</subfield>
    <subfield code="7">0</subfield>
    <subfield code="8">FE</subfield>
    <subfield code="a">FE</subfield>
    <subfield code="b">FE</subfield>
    <subfield code="c">TXT</subfield>
    <subfield code="d">2017-06-10</subfield>
    <subfield code="e">UNIVERSAL PUB</subfield>
    <subfield code="g">180.00</subfield>
    <subfield code="i">SGTU</subfield>
    <subfield code="o">370 A14T</subfield>
    <subfield code="p">ED533</subfield>
    <subfield code="r">2017-06-10 00:00:00</subfield>
    <subfield code="w">2016-02-06</subfield>
    <subfield code="y">BK</subfield>
    <subfield code="k">544</subfield>
  </datafield>
  <datafield tag="952" ind1=" " ind2=" ">
    <subfield code="0">0</subfield>
    <subfield code="1">0</subfield>
    <subfield code="2">ddc</subfield>
    <subfield code="4">0</subfield>
    <subfield code="7">0</subfield>
    <subfield code="8">FE</subfield>
    <subfield code="a">FE</subfield>
    <subfield code="b">FE</subfield>
    <subfield code="c">TXT</subfield>
    <subfield code="d">2017-06-10</subfield>
    <subfield code="e">UNIVERSAL PUB</subfield>
    <subfield code="g">180.00</subfield>
    <subfield code="i">SGTU</subfield>
    <subfield code="o">370 A14T</subfield>
    <subfield code="p">ED534</subfield>
    <subfield code="r">2017-06-10 00:00:00</subfield>
    <subfield code="w">2016-02-06</subfield>
    <subfield code="y">BK</subfield>
    <subfield code="k">544</subfield>
  </datafield>
  <datafield tag="952" ind1=" " ind2=" ">
    <subfield code="0">0</subfield>
    <subfield code="1">0</subfield>
    <subfield code="2">ddc</subfield>
    <subfield code="4">0</subfield>
    <subfield code="7">0</subfield>
    <subfield code="8">FE</subfield>
    <subfield code="a">FE</subfield>
    <subfield code="b">FE</subfield>
    <subfield code="c">TXT</subfield>
    <subfield code="d">2017-06-10</subfield>
    <subfield code="e">UNIVERSAL PUB</subfield>
    <subfield code="g">180.00</subfield>
    <subfield code="i">SGTU</subfield>
    <subfield code="l">1</subfield>
    <subfield code="o">370 A14T</subfield>
    <subfield code="p">ED535</subfield>
    <subfield code="r">2018-03-07 00:00:00</subfield>
    <subfield code="s">2018-03-05</subfield>
    <subfield code="w">2016-02-06</subfield>
    <subfield code="y">BK</subfield>
    <subfield code="k">544</subfield>
  </datafield>
  <datafield tag="999" ind1=" " ind2=" ">
    <subfield code="c">11730</subfield>
    <subfield code="d">11730</subfield>
  </datafield>
</record>
